Ecomomics (Record no. 9650)

000 -LEADER
fixed length control field 00388 a2200169 4500
020 ## - INTERNATIONAL STANDARD BOOK NUMBER
International Standard Book Number 9780070598553
082 ## - DEWEY DECIMAL CLASSIFICATION NUMBER
Classification number 330
090 ## - LOCALLY ASSIGNED LC-TYPE CALL NUMBER (OCLC); LOCAL CALL NUMBER (RLIN)
-- 5808
-- 5808
100 ## - MAIN ENTRY--PERSONAL NAME
Personal name Samuelson, Paul A.
245 ## - TITLE STATEMENT
Title Ecomomics
Statement of responsibility, etc. Paul A. Samuelson
250 ## - EDITION STATEMENT
Edition statement 18th
260 ## - PUBLICATION, DISTRIBUTION, ETC.
Place of publication, distribution, etc. New Delhi
Name of publisher, distributor, etc. Tata McGraw-Hill
Date of publication, distribution, etc. 2008
300 ## - PHYSICAL DESCRIPTION
Extent 776 p
500 ## - GENERAL NOTE
General note Includes Index
650 ## - SUBJECT ADDED ENTRY--TOPICAL TERM
Topical term or geographic name entry element Economics
942 ## - ADDED ENTRY ELEMENTS (KOHA)
Koha item type Book
Call number prefix 330 SAM
Holdings
Withdrawn status Lost status Damaged status Not for loan Collection code Permanent Location Current Location Shelving location Date acquired Source of acquisition Cost, normal purchase price Total Checkouts Total Renewals Full call number Barcode Date last seen Date last checked out Price effective from Koha item type
          Central Library (CL) Central Library (CL) General Stacks 10/16/2009 Star Books 895.59 3 9 330 SAM SEECS009701 03/27/2025 09/14/2023 01/05/2017 Book
          Central Library (CL) Central Library (CL) General Stacks 10/16/2009 Star Books 895.59 3   330 SAM SEECS009702 03/07/2025 12/10/2024 01/05/2017 Book
          Central Library (CL) Central Library (CL) General Stacks 10/16/2009 Star Books 895.59 2 1 330 SAM SEECS009703 11/11/2023 09/14/2023 01/05/2017 Book
© 2023 Central Library, National University of Sciences and Technology. All Rights Reserved.